ბათუმის შოთა რუსთაველის სახელმწიფო უნივერსიტეტის ბიბლიოთეკა

Netter's Essential Histology: (ბიბ.ჩანაწერი № 61762)

000 -LEADER
fixed length control field 00631nam a22001937a 4500
005 - DATE AND TIME OF LATEST TRANSACTION
control field 20240429171333.0
008 - FIXED-LENGTH DATA ELEMENTS--GENERAL INFORMATION
fixed length control field 240429s2008 enk||||| |||| 00| 0 eng d
020 ## - INTERNATIONAL STANDARD BOOK NUMBER
International Standard Book Number 9781929007868x
041 ## - LANGUAGE CODE
Language code of text/sound track or separate title eng
080 ## - UNIVERSAL DECIMAL CLASSIFICATION NUMBER
Universal Decimal Classification number 611(084.1) O-95
100 ## - MAIN ENTRY--PERSONAL NAME
Personal name Ovalle, William K.
9 (RLIN) 21988
245 ## - TITLE STATEMENT
Title Netter's Essential Histology:
Statement of responsibility, etc. William K. Ovalle, Patrick C. Nahirney.
264 ## - PRODUCTION, PUBLICATION, DISTRIBUTION, MANUFACTURE, AND COPYRIGHT NOTICE
Place of production, publication, distribution, manufacture Philadhelphia :
Name of producer, publisher, distributor, manufacturer Saunders,
Date of production, publication, distribution, manufacture, or copyright notice 2008.
300 ## - PHYSICAL DESCRIPTION
Extent 493 p.:
Other physical details ill.;
Dimensions 28 cm.
653 ## - INDEX TERM--UNCONTROLLED
keyword ჰისტოლოგია
653 ## - INDEX TERM--UNCONTROLLED
keyword მედიცინა
700 ## - ADDED ENTRY--PERSONAL NAME
Personal name Nahirney, Patrick C.
Relator term ავტორი
9 (RLIN) 21989
942 ## - ADDED ENTRY ELEMENTS (KOHA)
Source of classification or shelving scheme
Koha item type წიგნი
ეგზემპლარები
Withdrawn status Lost status Source of classification or shelving scheme Damaged status Not for loan Permanent Location Current Location Shelving location Date acquired Cost, normal purchase price Full call number Barcode Date last seen Copy number Price effective from Koha item type Public note
          ბათუმის შოთა რუსთაველის სახელმწიფო უნივერსიტეტის მთავარი ბიბლიოთეკა ბათუმის შოთა რუსთაველის სახელმწიფო უნივერსიტეტის მთავარი ბიბლიოთეკა წიგნსაცავი 2024-04-29 125.00 611(084.1) O-95 67931 2024-04-29 67931 2024-04-29 წიგნი 125 ლ.